Statistics for My Top 8 Movies

Click here to take the quiz!

General Stats

  • This quiz has been taken 12 times
  • The average score is 5 of 9

Answer Stats

HintAnswer% Correct
Man gets cabin fever and tries to kill his familyThe Shining
80%
researchers in Antarctica stop a shapeshifting alienThe Thing
80%
To kid's try not to fail historyBill & Ted's Excellent Adventure
70%
Colors who are being blackmailed try to solve a murderClue
70%
Borderline insane man solves a mystery about a missing dolphinAce Ventura: Pet Detective
50%
Han Solo doesn't tell people about looking at somethingRaiders of the Lost Ark
50%
Boy sees his friend die so he accidently hooks up with his momBack to the Future
40%
Elves with a G stop some birds who sound like the word sexyThe Dark Crystal
30%
Dog gets adopted by a cross country (literally) runnerArthur the King
10%

Score Distribution

Percentile by Number Answered

Percent of People with Each Score

Your Score History

You have not taken this quiz